00833 2200313 4500001002100000005001500021035002000036007000300056040001700059100002400076245003600100250001400136300003500150041000800185082000800193084001400201090002200215264003400237336002100271337003000292338002300322650001400345850001000359008004100369700003800410504002500448990002300473990002300496INLIS00000000000515420260515013553 a0010-0222000244ta aSBPUPADbInd0 aSuprantoePengarang1 aStatistik :bTeori dan Aplikasi a.--Cet 5 aviii, 463 hal. ;c15,5 x 24 cm aInd a310 a310 SUP s a297.122 ALJ p 5-8 a.--jakarta :bErlangga,c2015 2rdacontentaTeks 2rdamediaaTanpa Perantara 2rdacarrieraVolume 4aStatistik aPUPAD260515 0  aEditor, Julius MulyadiePengarang abibliografi, 463 hlm a17998/BR/KAPD/2012 a17996/BR/KAPD/2012